Coffee, conservation and commerce in the western hemisphere (Registro nro. 1042)

Detalles MARC
000 -CABECERA
Campo de control 00919nam a2200253 a 4500
005 - FECHA Y HORA DE LA ULTIMA TRANSACCION
Campo de control 20200104041517.0
008 - ELEMENTOS DE LONGITUD FIJA—INFORMACION GENERAL
Campo de control 140224t1996 -Usa gr|||| 00| 0 eng d
040 ## - FUENTE DE CATALOGACIÓN
Agencia catalogadora original CO-BoIAVH
Agencia transcriptora CO-BoIAVH
041 ## - IDIOMA
Código de idioma para texto/pista de sonido o título separado Inglés
082 #4 - NUMERO DE CLASIFICACION DECIMAL DEWEY
Número de clasificación 338.4766393
Número del ítem R49c
090 ## - CLASIFICACIÓN LOCAL
Colección LB
Consecutivo 01031
100 1# - ASIENTO PRINCIPAL--NOMBRE PERSONAL
Nombre personal Rice, Robert A.
245 1# - MENCION DE TITULO
Título Coffee, conservation and commerce in the western hemisphere
Parte restante del título how individuals and institutions can promote ecologically sound farming and forest management in northern Latin America
260 ## - PUBLICACION, DISTRIBUCION, ETC. (PIE DE IMPRENTA)
Lugar de publicación, distribución, etc. Washington
Nombre del editor, distribuidor, etc. Smithsonian Migratory Bird Center
Fecha de publicación, distribución, etc. 1996
300 ## - DESCRIPCION FISICA
Extensión 47 paginas.
Otros detalles físicos ilustración;
Dimensiones 27 x 21 cm
650 #4 - ASIENTO SECUNDARIO DE MATERIA - TERMINO TEMATICO
Término temático o nombre geográfico como elemento de entrada Conservación de biodiversidad
650 #4 - ASIENTO SECUNDARIO DE MATERIA - TERMINO TEMATICO
Término temático o nombre geográfico como elemento de entrada Sistemas de producción agrarios
650 #4 - ASIENTO SECUNDARIO DE MATERIA - TERMINO TEMATICO
Término temático o nombre geográfico como elemento de entrada Café
650 #4 - ASIENTO SECUNDARIO DE MATERIA - TERMINO TEMATICO
Término temático o nombre geográfico como elemento de entrada Uso sostenible
650 #4 - ASIENTO SECUNDARIO DE MATERIA - TERMINO TEMATICO
Término temático o nombre geográfico como elemento de entrada Paisaje rural
662 ## - ASIENTO SECUNDARIO DE MATERIA - JERARQUIA DEL NOMBRE DE LUGAR(
Jurisdicción política intermedia América Latina
700 1# - ASIENTO SECUNDARIO - NOMBRE PERSONAL
Nombre personal Ward, Justin R.
942 ## - ELEMENTOS ADICIONALES (KOHA)
Tipo de ítem Libro
Sistema de clasificación Dewey Decimal Classification
Existencias
Withdrawn status Lost status Sistema de Clasificación Damaged status No para préstamo Colección Inventariado Ubicación Permanente Ubicación actual Fecha de adquisición Fuente de Valor Valor Total Checkouts Número topográfico Inventario / Código de Barras Date last seen Ejemplar Price effective from Forma de adquisición Tipo de material
    Dewey Decimal Classification     General Inventariado 2017 Bogotá Bogotá 14/01/1999 Instituto 39000.00   LB-338.4766393 R49c 001426 04/12/2012 Ej. 1 04/12/2012   Libro